书目信息 |
| 题名: |
电影评论选:故事片1981
|
|
| 作者: | 郑伯农 著 | |
| 分册: | ||
| 出版信息: | 北京 中国电影出版社 1987.3 |
|
| 页数: | 391页 | |
| 开本: | 20cm | |
| 丛书名: | ||
| 单 册: | ||
| 中图分类: | I207.35 | |
| 科图分类: | ||
| 主题词: | 文学--中国 | |
| 电子资源: | ||
| ISBN: | ||
| 000 | 00576nam0 2200205 45 | |
| 001 | 0312221749 | |
| 005 | 20040414205040.1 | |
| 010 | @dCNY2.30 | |
| 091 | @a8061.2802 | |
| 100 | @a20031222d1987 km y0chiy0120 ea | |
| 101 | @achi | |
| 105 | @a z 000yy | |
| 200 | 1 | @a电影评论选:故事片1981@ADian Ying Ping Lun Xuan:Gu Shi Pian 1981@f郑伯农等著@FZheng Bo Nong Deng Zhu |
| 210 | @a北京@c中国电影出版社@d1987.3 | |
| 215 | @a391页@d20cm | |
| 606 | 0 | @a文学@x中国 |
| 690 | @aI207.35@v3 | |
| 701 | 0 | @a郑伯农@4著 |
| 801 | @aCN@bTSTCL@c20031222 | |
| 905 | @dI207.35@e49@f1@b207008 | |
| 电影评论选:故事片1981/郑伯农等著.-北京:中国电影出版社,1987.3 |
| 391页;20cm |
| ISBN :CNY2.30 |
| ● |
| 相关链接 |
|
|
|
|
正题名:电影评论选:故事片1981
索取号:I207.35/49
 
预约/预借
| 序号 | 登录号 | 条形码 | 馆藏地/架位号 | 状态 | 备注 |
| 1 | 0207008 | 000540800 | 第二借阅区/ [索取号:I207.35/49] | 在馆 | |
| 2 | 0207009 | 000540793 | 第一样本阅览室/ [索取号:I207.35/49] | 在馆 |